| Tag |
First Indicator |
Second Indicator |
Subfields |
| LEADER |
00000cam a2200000 4500 |
| 001 |
in00000058133 |
| 005 |
20151008051505.0 |
| 008 |
751030s1948 njuab b 00000 eng |
| 010 |
|
|
|a 48006452
|
| 035 |
|
|
|a (OCoLC)01746019
|
| 035 |
|
|
|9 AAG8242AM
|
| 040 |
|
|
|a DLC
|c FQG
|d TXA
|d UtOrBLW
|
| 049 |
|
|
|a TXAM
|c [155708]
|
| 050 |
0 |
0 |
|a U21
|b .B64
|
| 082 |
0 |
|
|a 355.22
|
| 092 |
|
|
|a 355.22
|b B827p
|
| 100 |
1 |
|
|a Bray, Charles William,
|d 1904-
|
| 245 |
1 |
0 |
|a Psychology and military proficiency ;
|b a history of the Applied Psychology Panel of the National Defense Research Committee.
|
| 264 |
|
1 |
|a Princeton :
|b Princeton Univ. Press,
|c [1948]
|
| 300 |
|
|
|a xviii, 242 pages :
|b illustrations, map. ;
|c 23 cm.
|
| 336 |
|
|
|a text
|b txt
|2 rdacontent
|
| 337 |
|
|
|a unmediated
|b n
|2 rdamedia
|
| 338 |
|
|
|a volume
|b nc
|2 rdacarrier
|
| 504 |
|
|
|a Bibliographical footnotes.
|
| 610 |
1 |
0 |
|a United States.
|b Office of Scientific Research and Development.
|b National Defense Research Committee.
|
| 650 |
|
0 |
|a Psychology, Applied.
|
| 999 |
|
|
|a MARS
|
| 999 |
f |
f |
|s 8d9a8632-5761-3a2e-8cc8-7eef462cde7f
|i 950c5165-fe39-3482-9b4b-7644727c2cb2
|t 0
|
| 952 |
f |
f |
|p ric
|a Texas A&M University
|b Rellis Campus
|c Joint Library Facility
|d Remote Storage
|t 0
|e U21 .B64
|h Library of Congress classification
|i unmediated -- volume
|m A14800804370
|
| 998 |
f |
f |
|a U21 .B64
|t 0
|l Remote Storage
|